00781 a2200181 4500020001800000050002100018100002800039245007300067264005200140300001900192336002600211337002700237338002800264500001300292520021800305650004900523700002700572 a9781933330433 aPL857 bNAK 1999 aNakagami, Kenjieauthor aThe cape and other stories from the Japanese ghetto/cKenji Nakagami aBerkeley, Calif. : bStone Bridge Press, c1999 axiii; 186pages 2rdacontentatextbtxt 2rdamediaaumediatedbn 2rda carrieravolumebnc aNo index aA collection of stories on Japan's burakumin, former slaves considered tainted by impure blood. In Red Hair, a man picks up a woman hitchhiker who turns out to be a nymphomaniac, while the title story is on incest aNakagami, Kenji -- Translations into English aKenji Nakagamieauthor